US President In Office When Each President Was Born - Statistics

General Stats
  • This quiz has been taken 31 times
  • The average score is 24 of 33
Answer Stats
President President in Office When They Were Born % Correct
John Tyler George Washington
100%
James K. Polk George Washington
95%
Millard Fillmore John Adams
95%
Barack Obama John F. Kennedy
86%
Franklin Pierce Thomas Jefferson
86%
Bill Clinton Harry S. Truman
82%
Abraham Lincoln Thomas Jefferson
82%
Jimmy Carter Calvin Coolidge
77%
George H.W. Bush Calvin Coolidge
77%
Harry S. Truman Chester A. Arthur
77%
James Buchanan George Washington
77%
George W. Bush Harry S. Truman
77%
Ulysses S. Grant James Monroe
77%
Lyndon B. Johnson Theodore Roosevelt
77%
Richard Nixon William Howard Taft
77%
John F. Kennedy Woodrow Wilson
77%
Gerald Ford Woodrow Wilson
77%
Franklin D. Roosevelt Chester A. Arthur
73%
Andrew Johnson Thomas Jefferson
73%
Calvin Coolidge Ulysses S. Grant
73%
Herbert Hoover Ulysses S. Grant
73%
Ronald Reagan William Howard Taft
73%
Dwight D. Eisenhower Benjamin Harrison
68%
Rutherford B. Hayes James Monroe
68%
James A. Garfield Andrew Jackson
64%
Chester A. Arthur Andrew Jackson
64%
William Howard Taft James Buchanan
64%
Benjamin Harrison Andrew Jackson
59%
Warren G. Harding Andrew Johnson
59%
Woodrow Wilson Franklin Pierce
59%
Theodore Roosevelt James Buchanan
59%
William McKinley John Tyler
59%
Grover Cleveland Martin Van Buren
55%
No matching quizzes found
Score Distribution
Percent of People with Each Score
Percentile by Number Answered
Your Score History
You have not taken this quiz